00882nam a2200205 a 450000100100000000500170001000800410002704000250006808200150009310000250010824500510013326000540018430000210023859000760025950000330033550400730036850400320044195201860047399900170065900003542020200930074329.0111031s1943 mx 000 0 spa d aDO-SdBNPbspacBNPHU axxxxbxxxx1 aKahler, Erich96125310aHistoria universal del hombre /cErich Kahler. aMéxico, :bFondo de cultura econónica,c1943. a605 p. :b24 cm. aPerteneció a la biblioteca personal de Juan Isidro Jimenes Grullón. aIncluye índice analítico aIncluye referencias bibliográficas y notas al pie de las páginas aBibliografía : p. 561-584 001050718RVaGRbGRcHDd2011-10-31iLF1l0oxxxx xxxxp35420-10r2020-06-25w2020-06-25y1zPerteneció a la biblioteca personal de Juan Isidro Jimenes Grullón.ZNo se presta c34911d34911